00278 a2200109 4500001000700000020001800007040003500025100003200060240002800092245002300120440002500143157227 a9788580861846 cEscola São Tomás de Aquino aANDRADE, Carlos Drummond de10aContos de aprendizlpor10aContos de aprendiz 1aCompanhia das Letras